[Event "ASEAN Masters Circuit GMA"]
[Site "Tarakan INA"]
[Date "2008.01.10"]
[Round "3"]
[White "Megaranto,S"]
[Black "Nadera,B"]
[Result "1-0"]
[WhiteElo "2563"]
[BlackElo "2417"]

1.d4 e6 2.c4 d5 3.Nc3 c6 4.e3 Nf6 5.Nf3 Nbd7 6.Qc2 b6 7.Bd3 Bb7 8.O-O Be7
9.cxd5 exd5 10.b3 O-O 11.Bb2 Bd6 12.Rfd1 Re8 13.Rac1 Qe7 14.Bf5 g6 15.Bh3 Rad8
16.g3 Nh5 17.Ne2 f5 18.Nf4 Nhf6 19.Nd3 Ne4 20.Nfe5 Nxe5 21.Nxe5 Rc8 22.Bg2 c5
23.Qe2 Rc7 24.Rc2 Rec8 25.Rdc1 Qe6 26.a4 Bxe5 27.dxe5 c4 28.b4 c3 29.Ba1 Qxe5
30.f3 Nd6 31.Qd3 d4 32.exd4 Qd5 33.Rxc3 Rxc3 34.Rxc3 Re8 35.Rc1 Qa2 36.Bf1 Bd5
37.Bc3 Qxa4 38.Bd2 b5 39.Qc3 Rc8 40.Qe3 Rxc1 41.Bxc1 Qd1 42.Kf2 Kf7 43.Be2 Qh1
44.Qh6 Kg8 45.Bf4 Nf7 46.Qh4 Bc4 47.g4 Bxe2 48.Kxe2 Qb1 49.Qe1 Qc2+ 50.Qd2 Qc4+
51.Kf2 fxg4 52.fxg4 Qd5 53.Qe3 g5 54.Qe8+ Kg7 55.Be5+ Nxe5 56.Qxe5+ Qxe5
57.dxe5 Kf7 58.Ke3 Ke6 59.Ke4 h6 60.h3 a6 61.Kd4 Kd7 62.Kd5 Ke7 63.e6 Kf6
64.Kd6  1-0

[Event "ITT"]
[Site "Villa Martelli Verano ARG"]
[Date "2008.01.10"]
[Round "7"]
[White "De Dovitiis,A"]
[Black "Granara Barreto,S"]
[Result "1/2-1/2"]
[WhiteElo "2326"]
[BlackElo "2235"]

1.d4 d5 2.c4 c6 3.Nf3 Nf6 4.Nc3 e6 5.e3 Nbd7 6.Bd3 Bd6 7.O-O O-O 8.e4 dxc4
9.Bxc4 e5 10.Bg5 h6  1/2-1/2

[Event "TCh-AUT 1st Bundesliga 2007-8"]
[Site "Jenbach AUT"]
[Date "2008.01.11"]
[Round "5"]
[White "Tabernig,B"]
[Black "Lipka,J"]
[Result "1/2-1/2"]
[WhiteElo "2323"]
[BlackElo "2438"]

1.d4 d5 2.c4 c6 3.Nf3 Nf6 4.Nc3 e6 5.e3 a6 6.b3 c5 7.cxd5 cxd4 8.Qxd4 exd5
9.Bb2 Nc6 10.Qd2 Bd6 11.Be2 O-O 12.O-O Be6 13.Rfd1 Qe7 14.e4 Rfd8 15.exd5 Bxd5
16.Qg5 Bxf3 17.Bxf3 Ne5 18.Ne4 Nxe4 19.Qxe7 Nxf3+ 20.gxf3 Bxe7 21.fxe4 f6
22.Rac1 Rxd1+ 23.Rxd1 Rd8 24.Rxd8+ Bxd8 25.f4 Kf7 26.Kg2  1/2-1/2

[Event "XXXIII Open"]
[Site "Sevilla ESP"]
[Date "2008.01.11"]
[Round "8"]
[White "Kononenko,T"]
[Black "Korneev,O"]
[Result "0-1"]
[WhiteElo "2378"]
[BlackElo "2645"]

1.d4 Nf6 2.c4 e6 3.Nf3 d5 4.Nc3 c6 5.e3 Nbd7 6.Qc2 Bd6 7.Be2 O-O 8.O-O Qe7
9.Rd1 Re8 10.a3 h6 11.h3 dxc4 12.Bxc4 e5 13.Nh4 Nf8 14.Nf5 Bxf5 15.Qxf5 e4
16.h4 g6 17.Qh3 Rad8 18.Bd2 N8d7 19.Rac1 Nb6 20.Be2 Nbd5 21.Nxd5 Nxd5 22.h5 Kg7
23.hxg6 fxg6 24.Re1 Qf6 25.f4 exf3 26.Bxf3 Nf4 27.exf4 Qxd4+ 28.Kf1 Qxd2
29.f5 Bc5 30.f6+ Kf7 31.Qh4 Rd4 32.g4 Qf4 33.Rc3 Rxe1+ 34.Qxe1 Rd2  0-1

[Event "11th ZNG111 Open"]
[Site "Rijeka CRO"]
[Date "2008.01.12"]
[Round "5"]
[White "Milkovic,L"]
[Black "Muslija,I"]
[Result "0-1"]
[WhiteElo "1952"]
[BlackElo "2225"]

1.d4 d5 2.c4 e6 3.Nc3 c6 4.e3 Nf6 5.Nf3 Nbd7 6.Bd2 a6 7.c5 b6 8.cxb6 Qxb6
9.Na4 Qa7 10.Qc2 c5 11.dxc5 Nxc5 12.Nxc5 Bxc5 13.Rc1 Bd6 14.Qc6+ Ke7 15.Bd3 Bd7
16.Qc3 Rhc8 17.Qa5 Rxc1+ 18.Bxc1 Qb7 19.O-O Bb4 20.Bxa6 Rxa6 21.Qxa6 Qxa6
22.a3 Bb5 23.Rd1 Be2 24.Rd4 Qc6  0-1

[Event "TCh-AUT 1st Bundesliga 2007-8"]
[Site "Jenbach AUT"]
[Date "2008.01.13"]
[Round "7"]
[White "Markos,J"]
[Black "Beliavsky,A"]
[Result "1/2-1/2"]
[WhiteElo "2565"]
[BlackElo "2638"]

1.d4 d5 2.c4 c6 3.Nc3 Nf6 4.e3 e6 5.Nf3 Nbd7 6.Qc2 Bd6 7.Bd3 O-O 8.O-O dxc4
9.Bxc4 a6 10.a4 c5 11.dxc5 Bxc5 12.b3 b6 13.Ne4 Nxe4 14.Qxe4 Rb8 15.Bb2 Bb7
16.Qf4 Qe7 17.Rad1 Nf6 18.Ne5 Rfd8 19.Ng4 Nxg4 20.Qxg4 Qf8 21.h4 Be7 22.h5 h6
23.Qe2 Rxd1 24.Rxd1 Rd8 25.Bd4 Rd6 26.Rc1 Rc6 27.Rd1 Rd6 28.Rc1 Rc6 29.Rf1 Qc8
30.Qg4 Bf8 31.Qg3 Qd8 32.f4 b5 33.axb5 axb5 34.Bd3 Ra6 35.Bxb5 Ra2 36.Rf2 Ra5
37.Be2 Qd6 38.Bf3 Rb5 39.Bxb7 Rxb7 40.Rb2 Qa3 41.Qf3 Rxb3 42.Rxb3  1/2-1/2

[Event "6th Parsvnath Open"]
[Site "New Delhi IND"]
[Date "2008.01.13"]
[Round "2"]
[White "Laxman,R"]
[Black "Shresta,B"]
[Result "1/2-1/2"]
[WhiteElo "2439"]
[BlackElo "2116"]

1.Nf3 c6 2.d4 d5 3.c4 Nf6 4.e3 e6 5.Nc3 Nbd7 6.Qc2 Be7 7.Bd3 h6 8.O-O O-O
9.e4 dxe4 10.Nxe4 Nxe4 11.Bxe4 Nf6 12.Bd3 c5 13.dxc5 Bxc5 14.Bf4 Qe7 15.Rad1 b6
16.a3 a5 17.Rfe1 Bb7 18.Qc1 Rfd8 19.Ne5 Nh5 20.Be3 Rac8 21.Bxc5 bxc5 22.Bf1 Nf6
23.Rxd8+ Rxd8 24.Rd1 Qc7 25.Rxd8+ Qxd8 26.Qe3 Qd6 27.Nd3 Nd7 28.f4 Kf8 29.h3 Ke7
30.Kh2 g5 31.Kg1 gxf4 32.Qxf4 Qxf4 33.Nxf4 e5 34.Ne2 f5 35.Kf2 Ke6 36.g3 Nf6
37.Ke3 Nh5 38.Kf2 Nf6 39.Ke3 Nh5 40.Kf2 Nf6 41.Ke3  1/2-1/2

[Event "ch-Reykjavik"]
[Site "Reykjavik ISL"]
[Date "2008.01.13"]
[Round "4"]
[White "Leifsson,T"]
[Black "Brynjarsson,E"]
[Result "1/2-1/2"]
[WhiteElo "1825"]
[BlackElo "1686"]

1.d4 d5 2.c4 c6 3.e3 e6 4.Nc3 Nf6 5.Nf3 Be7 6.Bd3 h6 7.Qc2 O-O 8.Bd2 Nbd7
9.O-O-O b6 10.h3 c5 11.Kb1 a5 12.Rhg1 Ba6 13.cxd5 c4 14.Be2 Nxd5 15.e4 Nb4
16.Qc1 b5 17.g4 Nd3 18.Bxd3 cxd3 19.Bxh6 b4 20.Na4 Rc8 21.Qe3 Bb5 22.Nc5 Nxc5
23.dxc5 Bxc5 24.Qf4 Bxf2 25.Rg2 Bb6 26.Bxg7 Kxg7 27.Qe5+ Qf6 28.Qxb5 Qxf3
29.Qg5+  1/2-1/2

[Event "EST-FIN Match"]
[Site "Tallinn EST"]
[Date "2008.01.13"]
[Round "1"]
[White "Bashkite,V"]
[Black "Rantanen,T"]
[Result "0-1"]
[WhiteElo "2174"]
[BlackElo "2084"]

1.d4 d5 2.c4 c6 3.Nf3 Nf6 4.e3 e6 5.Nc3 Bd6 6.Qc2 Nbd7 7.Be2 O-O 8.O-O dxc4
9.Bxc4 e5 10.h3 exd4 11.exd4 Nb6 12.Bd3 h6 13.Ne5 Nbd5 14.a3 c5 15.Nf3 cxd4
16.Nxd4 Nxc3 17.Qxc3 Be5 18.Be3 Nd5 19.Qc4 Nxe3 20.fxe3 Qg5 21.Rf3 b5 22.Qc6 Bxd4
23.exd4 Rb8 24.Qe4 g6 25.Qe5 Qxe5 26.dxe5 Re8 27.Rc1 Rxe5 28.Rc7 Be6 29.Rxa7 Bd5
30.Rf4 Rg5 31.Be4 Bxe4 32.Rxe4 Rd8 33.Re2 Rd1+ 34.Kh2 Rf5 35.Rb7 h5 36.h4 Kg7
37.g3 Rd3 38.Kg2 Rff3 39.Rxb5 Rxg3+ 40.Kf2 Rg4 41.Re3 Rxe3 42.Kxe3 Rxh4 43.b3 Rh1
44.a4 h4 45.a5 Ra1 46.Kf3 f6 47.Rb7+ Kh6 48.b4 Ra3+ 49.Kg2 g5 50.Rb6 Kg6
51.a6 g4 52.Rc6 h3+ 53.Kh2 Kg5 54.Rc5+ Kh4 55.Ra5 g3+ 56.Kg1 Rf3 57.Ra1 h2+
58.Kg2 Rf2+ 59.Kh1 Kh3  0-1

[Event "ASEAN Masters Circuit GMB"]
[Site "Tarakan INA"]
[Date "2008.01.17"]
[Round "9"]
[White "Barus,C"]
[Black "Sukandar,I"]
[Result "1-0"]
[WhiteElo "2479"]
[BlackElo "2266"]

1.d4 Nf6 2.c4 e6 3.Nf3 d5 4.Nc3 c6 5.e3 Nbd7 6.Bd3 Bd6 7.O-O O-O 8.e4 dxc4
9.Bxc4 e5 10.Bg5 Qe7 11.Bb3 h6 12.Bh4 Re8 13.Re1 Nf8 14.dxe5 Bxe5 15.Nxe5 Qxe5
16.Bg3 Qa5 17.e5 Rd8 18.Qe2 Nd5 19.Ne4 Be6 20.Nd6 Qb6 21.Kh1 Ng6 22.Qe4 a5
23.f4 Nge7 24.Bh4 Rxd6 25.exd6 Nf5 26.Be7 Qf2 27.Re2 Qc5 28.Rd1 a4 29.Bxd5 cxd5
30.Qe5 Ra6 31.Ree1 Nxd6 32.f5 Bd7 33.Qxd5  1-0

[Event "6th Parsvnath Open"]
[Site "New Delhi IND"]
[Date "2008.01.18"]
[Round "8"]
[White "Kamble,V"]
[Black "Mehar,C"]
[Result "0-1"]
[WhiteElo "2387"]
[BlackElo "2199"]

1.Nf3 d5 2.d4 Nf6 3.c4 e6 4.Nc3 c6 5.e3 Nbd7 6.Qc2 Bd6 7.g4 dxc4 8.Bxc4 e5
9.g5 Nd5 10.Bd2 exd4 11.Nxd4 N7b6 12.Be2 Nxc3 13.Bxc3 Nd5 14.h4 Nxc3 15.bxc3 Qe7
16.O-O-O Be6 17.Nxe6 Qxe6 18.Rd4 O-O 19.Bd3 Be5 20.Bxh7+ Kh8 21.Bf5 Qe7 22.Rd7 Qa3+
23.Qb2 Qa5 24.Bb1 Rad8 25.Rd4 Bxd4 26.cxd4 Qd5 27.Rg1 c5 28.Qe2 g6 29.h5 cxd4
30.hxg6 fxg6 31.exd4 Rc8+ 32.Bc2 Qxa2 33.Qe5+ Kg8 34.Qe4 Qa1+ 35.Kd2 Rxc2+
36.Kxc2 Rxf2+ 37.Kd3 Qa3+ 38.Kc4 b5+ 39.Kxb5 Qb3+ 40.Kc5 Rf5+ 41.d5 Qb6+
42.Kc4 Qxg1 43.Qe8+ Kg7 44.Qe7+ Rf7 45.Qe5+ Kh7 46.d6 Qc1+ 47.Kd3 Rf3+ 48.Ke2 Qf1+  0-1

[Event "6th Parsvnath Open"]
[Site "New Delhi IND"]
[Date "2008.01.18"]
[Round "8"]
[White "Swapnil,SD"]
[Black "Sujendra,P"]
[Result "1-0"]
[WhiteElo "2307"]
[BlackElo "2127"]

1.d4 d5 2.c4 c6 3.Nc3 Nf6 4.e3 e6 5.Nf3 Bd6 6.Qc2 Nbd7 7.Bd2 Nf8 8.O-O-O Bd7
9.e4 dxe4 10.Ng5 Ng6 11.Ngxe4 Be7 12.g3 a6 13.h4 b5 14.h5 Nf8 15.h6 g6 16.Nxf6+ Bxf6
17.Ne4 Be7 18.Bf4 f5 19.Nd6+ Bxd6 20.Bxd6 Kf7 21.c5 Be8 22.Bg2 Rc8 23.Kb1 Nd7
24.Rhe1 Nf6 25.Rxe6 Kxe6 26.Re1+ Kd7 27.Qb3 Ne4 28.Rxe4 Qf6 29.Re7+ Qxe7
30.Bxe7 Kxe7 31.Qe3+ Kf7 32.Qe5 Bd7 33.Qg7+ Ke6 34.f4 Rhg8 35.d5+ cxd5 36.Qe5+ Kf7
37.Bxd5+ Kf8 38.Qf6+ Ke8 39.Bf7+ Kf8 40.Be6+  1-0

[Event "ch-VEN"]
[Site "San Felipe VEN"]
[Date "2008.01.19"]
[Round "11"]
[White "Iturrizaga,E"]
[Black "Trujillo Villega,P"]
[Result "1-0"]
[WhiteElo "2470"]
[BlackElo "2223"]

1.d4 d5 2.c4 c6 3.Nc3 Nf6 4.Nf3 e6 5.e3 Be7 6.Bd3 dxc4 7.Bxc4 b5 8.Bd3 Bb7
9.O-O Nbd7 10.e4 b4 11.Na4 O-O 12.e5 Nd5 13.Bd2 Rc8 14.Nc5 Nxc5 15.dxc5 Qa5
16.Rc1 Ba6 17.Bxa6 Qxa6 18.Qb3 Rb8 19.Rc4 Rb5 20.Rfc1 Rd8 21.h4 Qc8 22.Nd4 Rb7
23.Qa4 Rc7 24.Nf3 f6 25.Re1 Rb7 26.Nd4 fxe5 27.Nxc6 Qd7 28.Nxe7+ Qxe7 29.Bg5 Qe8
30.c6 Nb6 31.cxb7 Nxa4 32.Bxd8  1-0

[Event "ch-Kyiv Men"]
[Site "Kyiv UKR"]
[Date "2008.01.20"]
[Round "2"]
[White "Dobrzhanskaya,I"]
[Black "Sidorchuk,D"]
[Result "0-1"]
[WhiteElo "2087"]
[BlackElo "2234"]

1.d4 d5 2.c4 e6 3.Nf3 c6 4.Nc3 Nf6 5.e3 Nbd7 6.Qc2 Bd6 7.b3 O-O 8.Bb2 Qe7
9.Be2 dxc4 10.bxc4 e5 11.c5 Bc7 12.O-O Re8 13.Rfe1 e4 14.Nd2 Nf8 15.f3 exf3
16.Bxf3 Bg4 17.Nce4 Nxe4 18.Bxe4 Qg5 19.Nf1 Ba5 20.Reb1 Re7 21.Bc1 Rae8 22.Bd3 Rd7
23.Rb3 Ng6 24.Rab1 Ree7 25.Ng3 Qh4 26.Bf5 Rxd4 27.exd4 Re1+  0-1

[Event "ch-Reykjavik"]
[Site "Reykjavik ISL"]
[Date "2008.01.20"]
[Round "7"]
[White "Baldursson,Ha"]
[Black "Magnusson,P"]
[Result "1-0"]
[WhiteElo "2033"]
[BlackElo "1785"]

1.d4 d5 2.c4 e6 3.Nc3 c6 4.e3 Nf6 5.Nf3 b6 6.Qc2 Bb7 7.Bd3 Nbd7 8.O-O Be7
9.cxd5 Nxd5 10.a3 c5 11.e4 cxd4 12.Nxd4 Nxc3 13.Qxc3 O-O 14.Be3 Rc8 15.Qd2 Nc5
16.Bc2 Nxe4 17.Qe2 Bc5 18.Rfd1 Qc7 19.Rac1 Qe5 20.b4 Be7 21.Nf3 Qb2 22.Bd4 Nc3
23.Bxh7+  1-0

[Event "Winter Open"]
[Site "Belgrade SRB"]
[Date "2008.01.22"]
[Round "1"]
[White "Matejic,Z"]
[Black "Jakovljevic,Zi"]
[Result "0-1"]
[WhiteElo "2228"]
[BlackElo "2138"]

1.d4 c6 2.c4 d5 3.e3 e6 4.Nc3 Nf6 5.Nf3 Bd6 6.Bd3 Nbd7 7.Bd2 a6 8.O-O O-O
9.b3 e5 10.cxd5 cxd5 11.dxe5 Nxe5 12.Nxe5 Bxe5 13.f4 Bc7 14.Ne2 Ne4 15.Bxe4 dxe4
16.Bc3 Qxd1 17.Raxd1 Bg4 18.Rd2 Bxe2 19.Rxe2 Bb6 20.Rd1 Rfd8 21.Rxd8+ Rxd8
22.Kf2 Rd3 23.Bb2 f5 24.Bc1 Rc3 25.Bb2 Rd3 26.Bc1 Kf7 27.Rc2 h6 28.Ke2 g5
29.g3 Kg6 30.Bd2 Kh5 31.h3 gxf4 32.gxf4 Kh4 33.Rc1 Rd6 34.Rh1 Kg3 35.Rg1+ Kxh3
36.Rh1+ Kg4 37.Be1 Bd8 38.Bc3 Rc6 39.Kd2 h5 40.Rg1+ Kf3 41.Rh1 h4  0-1

[Event "GMA1"]
[Site "Marianske Lazne CZE"]
[Date "2008.01.22"]
[Round "4"]
[White "Rajlich,I"]
[Black "Thorfinnsson,Br"]
[Result "0-1"]
[WhiteElo "2437"]
[BlackElo "2406"]

1.Nf3 Nf6 2.c4 e6 3.Nc3 d5 4.e3 c6 5.d4 Nbd7 6.Qc2 a6 7.b3 Bd6 8.Be2 Qe7
9.O-O O-O 10.Nh4 Ng4 11.g3 Nxh2 12.Kxh2 Qxh4+ 13.Kg2 Qe7 14.e4 dxc4 15.e5 Ba3
16.Rh1 f5 17.exf6 Nxf6 18.Ne4 Bxc1 19.Nxf6+ Qxf6 20.Qxh7+ Kf7 21.Raxc1 Ke7
22.f4 cxb3 23.axb3 Bd7 24.Qc2 Qf5 25.Qd2 Qd5+ 26.Bf3 Qd6 27.Rh7 Rg8 28.Qa5 b5
29.Qc3 Rac8 30.Qe3 Kd8 31.Rc5 Kc7 32.Rg5 Kb7 33.Rgxg7 Rxg7 34.Rxg7 Rc7 35.Qc3 Be8
36.Rg8 Bf7 37.Rg5 Qa3 38.Rc5 Qa2+ 39.Kg1 Be8 40.Re5 Qb1+ 41.Re1 Qf5 42.Qe3 Rg7
43.Kg2 Bd7 44.Qe5 Qg6 45.f5 exf5 46.d5 cxd5 47.Rc1 Bc6 48.Bxd5 Qxg3+ 49.Qxg3 Bxd5+
50.Kf2 Rxg3 51.Kxg3 Kb6 52.Kf4 Be4 53.Ra1 a5 54.Ke5 Bc2 55.Rg1 Bxb3 56.Rg5 Kc5
57.Rxf5 a4  0-1

[Event "Corus C"]
[Site "Wijk aan Zee NED"]
[Date "2008.01.22"]
[Round "9"]
[White "Peng Zhaoqin"]
[Black "Krush,I"]
[Result "1/2-1/2"]
[WhiteElo "2461"]
[BlackElo "2473"]

1.d4 d5 2.c4 c6 3.Nf3 Nf6 4.Nc3 e6 5.e3 Nbd7 6.Qc2 Bd6 7.b3 O-O 8.Be2 b6
9.O-O Bb7 10.Bb2 Qe7 11.Rfd1 Rfe8 12.h3 Rad8 13.Rac1 c5 14.dxc5 Nxc5 15.Nb5 Bb8
16.b4 Ncd7 17.cxd5 Nxd5 18.a3 Rc8 19.Qb3 a6 20.Nbd4 b5 21.Bf1 N7b6 22.Ba1 Red8
23.Nd2 Nf6 24.Qb1 Na4 25.Rxc8 Rxc8 26.Rc1 Rxc1 27.Qxc1 Qc7 28.Qxc7 Bxc7 29.f3 Kf8
30.Kf2 e5 31.Nc2 Nd7 32.Bd3 Bd5 33.Ke2 g6 34.g4 h6 35.Ne4 Ke7 36.Nc3 Nxc3+
37.Bxc3 Nb6 38.Bd2 h5 39.e4 Be6 40.Ne3 Kf6 41.Be1 Kg5 42.Bg3 Bd6 43.Kd2 Bc7
44.Be2 Bd6 45.Ng2 Nc4+ 46.Bxc4 Bxc4 47.Bh4+ Kh6 48.Ne3 Be6 49.Bf6 Bb8 50.g5+ Kh7
51.h4 Kg8 52.Nd1 Kf8 53.Nb2 Ke8 54.Nd3 Bc4 55.Nc5 Bd6 56.Nxa6 Kd7 57.Nc5+ Bxc5
58.bxc5 Kc6 59.Be7 Bf1 60.Bd6 Bc4 61.Ke3 Bf1 62.Bxe5 Kxc5 63.Bf6 Kd6 64.Kd4 Ke6  1/2-1/2

[Event "Winter Open"]
[Site "Belgrade SRB"]
[Date "2008.01.23"]
[Round "2"]
[White "Janic,D"]
[Black "Lorens Ristovic,L"]
[Result "0-1"]
[WhiteElo "1813"]
[BlackElo "2103"]

1.d4 d5 2.Nf3 c6 3.e3 Nf6 4.c4 e6 5.Nc3 Nbd7 6.Bd3 dxc4 7.Bxc4 b5 8.Bd3 a6
9.e4 c5 10.e5 cxd4 11.exf6 dxc3 12.Be4 Ra7 13.Be3 Rc7 14.bxc3 Qxf6 15.Bd4 Qf4
16.Qe2 Bb7 17.Bxb7 Rxb7 18.O-O Nc5 19.Rfe1 Qg4 20.h3 Qh5 21.Rad1 Be7 22.Qe3 O-O
23.Qf4 Rc8 24.Qg3 Qg6 25.Qf4 Nd3 26.Rxd3 Qxd3 27.Ne5 Qf5 28.Qe3 Bg5 29.Qe2 Bf6
30.g4 Qf4 31.Qd3 Bxe5 32.Rxe5 Rd7 33.Qe2 Re8 34.h4 b4 35.Rg5 f6 36.Be3 Qd6
37.Rc5 Qd1+ 38.Qxd1 Rxd1+ 39.Kg2 bxc3 40.Rxc3 Rd5 41.Rc6 Ra5 42.Rc2 h5 43.g5 Kf7
44.f4 Kg6 45.Kf3 Ra3 46.Kf2 Rd8 47.Re2 Kf5 48.Kf3 Rdd3 49.Kf2 Kg4  0-1

[Event "Winter Open"]
[Site "Belgrade SRB"]
[Date "2008.01.23"]
[Round "2"]
[White "Abramovic,B"]
[Black "Milosevic,Z"]
[Result "1-0"]
[WhiteElo "2499"]
[BlackElo "2269"]

1.d4 Nf6 2.c4 e6 3.Nf3 d5 4.Nc3 c6 5.e3 Nbd7 6.Qc2 Bd6 7.b3 O-O 8.Be2 Re8
9.O-O Nf8 10.Bb2 Ng6 11.Rad1 a6 12.Rfe1 Bd7 13.e4 dxe4 14.Nxe4 Nxe4 15.Qxe4 Bb4
16.Rf1 Qc7 17.c5 Qf4 18.Qc2 Ba5 19.Bc1 Qb8 20.Ne5 Rd8 21.Nc4 Bc7 22.g3 Be8
23.Rfe1 Ne7 24.Bd3 g6 25.Bg5 Nd5 26.Bxd8 Qxd8 27.Be4 Nf6 28.Bf3 Qe7 29.b4 Rd8
30.a3 Nd5 31.Bg2 Qf6 32.Ne5 h5 33.f4 Ne7 34.Be4 Nd5 35.Qb2 Qe7 36.Nc4 Nf6
37.Bf3 Qf8 38.Na5 Rb8 39.Qd2 Bd7 40.Kg2 Bxa5 41.bxa5 Rd8 42.h3 Bc8 43.g4 hxg4
44.hxg4 Qg7 45.g5 Nd5 46.Bxd5 Rxd5 47.Re5 Rd8 48.Rh1 Kf8 49.Kf3 Ke7 50.Rh6 Kd7
51.Qh2 Ke7 52.Rh7 Qg8 53.Ke3 Rf8 54.Kd2 Kd8 55.Qh6 Re8 56.Rg7 Qf8 57.Qh7  1-0

[Event "ch-Reykjavik"]
[Site "Reykjavik ISL"]
[Date "2008.01.23"]
[Round "8"]
[White "Frigge,P"]
[Black "Jonsson,Bjorn"]
[Result "1/2-1/2"]
[WhiteElo "1828"]
[BlackElo "2032"]

1.d4 d5 2.c4 c6 3.Nf3 Nf6 4.Nc3 e6 5.e3 Nbd7 6.Bd3 dxc4 7.Bxc4 b5 8.Bd3 Bb7
9.O-O a6 10.a3 c5 11.Re1 Qc7 12.dxc5 Nxc5 13.Bc2 Rd8 14.Qe2 Nce4 15.Bd2 Bd6
16.Nxe4 Nxe4 17.Bxe4 Bxe4 18.Rac1 Qb7 19.Ng5 O-O 20.Nxe4 Qxe4 21.Bc3 Qh4  1/2-1/2

[Event "6th Gibtelecom Masters"]
[Site "Gibraltar ENG"]
[Date "2008.01.24"]
[Round "3"]
[White "Thomassen,J"]
[Black "Jameson,D"]
[Result "1-0"]
[WhiteElo "2308"]
[BlackElo "2033"]

1.d4 d5 2.c4 e6 3.Nf3 Nf6 4.Nc3 c6 5.e3 Nbd7 6.Qc2 Bd6 7.Be2 O-O 8.O-O dxc4
9.Bxc4 e5 10.Rd1 Qc7 11.h3 h6 12.Ne4 Nxe4 13.Qxe4 Nf6 14.Qb1 e4 15.Nd2 Re8
16.b4 Qe7 17.b5 Nd5 18.Qc2 Bf5 19.bxc6 bxc6 20.Bf1 Rac8 21.Nc4 Bb8 22.Ba3 Qg5
23.Kh1 Qf6 24.Rab1 h5 25.Rb7 g5 26.Ne5 Rxe5 27.Rxb8 Ree8 28.Rxc8 Rxc8 29.g3 Kg7
30.Rb1 Qe6 31.Kh2 Rh8 32.Rb7 a5 33.Ra7 Bxh3 34.Bxh3 g4 35.Bg2 h4 36.Qxe4 hxg3+
37.Kg1 gxf2+ 38.Kxf2 Qf6+ 39.Kg1 Qh4 40.Qe5+ Nf6 41.Kf1 Rh5 42.Qe6 Kh6 43.Rxf7 Kg6
44.Be4+ Rf5+ 45.Bxf5+ Kh5 46.Rh7+ Nxh7 47.Qg6+  1-0

[Event "Winter Open"]
[Site "Belgrade SRB"]
[Date "2008.01.25"]
[Round "4"]
[White "Dzunic,V"]
[Black "Matejic,Z"]
[Result "1/2-1/2"]
[WhiteElo "2049"]
[BlackElo "2228"]

1.d4 d5 2.c4 c6 3.Nf3 Nf6 4.Nc3 e6 5.e3 b6 6.Bd3 Bb7 7.cxd5 cxd5 8.Qe2 Be7
9.O-O O-O 10.Ne5 Ne4 11.f3 Nxc3 12.bxc3 f6 13.Ng4 Bd6 14.f4 g6 15.Bd2 h5
16.Nf2 f5 17.Nh3 Be7 18.Kh1 Nd7 19.Rf3 Kg7 20.Rg3 Bh4 21.Rf3 Rc8 22.Raf1 Rc7
23.Ng1 Rh8 24.Rh3 Be7 25.Nf3 Bf6 26.Rc1 Qe7 27.Be1 Rhc8 28.Ne5 Nf8 29.Qd1 a6
30.Be2 Qe8 31.Rg3 Bh4 32.Rh3 Bxe1 33.Qxe1 Kg8 34.Rg3 Rg7 35.Rg5 b5 36.Qg3 Rcc7
37.a3 Bc8 38.h3 Bb7 39.Kh2 Bc8 40.Ra1 Bb7 41.Bd1 Bc6 42.Rb1 Ra7 43.Rb4 a5
44.Rb1 a4 45.Be2 Rab7 46.Rb4 Ra7 47.Nxc6 Qxc6 48.Bxb5 Qxc3 49.Be8 Qxa3 50.Rb8 Qd6
51.Rc8 Qa6 52.Rd8 Qb6 53.Rc8 Qb7 54.Rc1 Qe7 55.Bxg6 h4 56.Qxh4 Nxg6 57.Rc8+ Nf8
58.Qh6 Rxg5 59.fxg5 Ra6 60.g6 Qg7 61.Qh4 Qxg6 62.Qd8 Qg7 63.Rc7 Qg6 64.Rc8 Qg7  1/2-1/2

[Event "6th Gibtelecom Masters"]
[Site "Gibraltar ENG"]
[Date "2008.01.25"]
[Round "4"]
[White "Banikas,H"]
[Black "Beliavsky,A"]
[Result "1/2-1/2"]
[WhiteElo "2592"]
[BlackElo "2638"]

1.Nf3 Nf6 2.c4 e6 3.Nc3 d5 4.d4 c6 5.e3 Nbd7 6.Qc2 Bd6 7.Bd3 O-O 8.O-O dxc4
9.Bxc4 a6 10.Rd1 Qc7 11.Ne4 Nxe4 12.Qxe4 c5 13.Bd3 Nf6 14.Qh4 e5 15.dxe5 Bxe5
16.Nxe5 Qxe5 17.Bd2 h6 18.Bc3 Qg5 19.Qxg5 hxg5 20.Rac1 Be6 21.b3 Rac8 22.e4 b5
23.f3 c4 24.bxc4 Bxc4 25.Bxf6 gxf6 26.Bxc4 Rxc4 27.Rxc4 bxc4 28.Rc1 Rb8 29.Rxc4 Rb1+
30.Kf2  1/2-1/2

[Event "6th Gibtelecom Masters"]
[Site "Gibraltar ENG"]
[Date "2008.01.25"]
[Round "4"]
[White "Berczes,D"]
[Black "Pettersson,A"]
[Result "1-0"]
[WhiteElo "2429"]
[BlackElo "1984"]

1.d4 d5 2.c4 c6 3.Nc3 Nf6 4.Nf3 e6 5.e3 Bb4 6.Bd3 O-O 7.O-O Nbd7 8.a3 Bxc3
9.bxc3 Re8 10.cxd5 cxd5 11.c4 dxc4 12.Bxc4 b6 13.Bb2 Bb7 14.Qe2 Rc8 15.Bd3 Rc7
16.a4 Qa8 17.a5 Rec8 18.axb6 Nxb6 19.Rfc1 Rxc1+ 20.Bxc1 Nbd5 21.Ne1 Nb4 22.f3 Nxd3
23.Nxd3 Nd7 24.e4 a5 25.Bb2 Ba6 26.Qd2 Bxd3 27.Qxd3 Qb7 28.Qd2 Ra8 29.h4 a4
30.d5 exd5 31.exd5 f6 32.d6 Ne5 33.Bxe5 fxe5 34.d7 Rd8 35.Rd1 h6 36.Qd6 Qa7+
37.Kh2 a3 38.Qxe5 Qa8 39.Rd2 Kh8 40.Rd6 Kh7 41.Qf5+ Kh8 42.Qe5 Kh7 43.Qe4+ Qxe4
44.fxe4 a2 45.Ra6 Rxd7 46.Rxa2 Rd1 47.Kg3 Re1 48.Kf4 Kg6 49.g4 Rf1+ 50.Ke5 Rg1
51.Ra6+ Kf7 52.Ra7+ Kg8 53.Kf5 g6+ 54.Kf6 Rxg4 55.Ra8+ Kh7 56.Ra7+ Kg8 57.e5 Rxh4
58.Ra8+ Kh7 59.Ra7+ Kg8 60.e6 Rf4+ 61.Kxg6 Rg4+ 62.Kf5 Rg1 63.Ra8+  1-0

[Event "6th Gibtelecom Masters"]
[Site "Gibraltar ENG"]
[Date "2008.01.26"]
[Round "5"]
[White "Foisor,O"]
[Black "Vasvari,T"]
[Result "1-0"]
[WhiteElo "2401"]
[BlackElo "2174"]

1.d4 d5 2.c4 c6 3.e3 Nf6 4.Nc3 e6 5.Nf3 dxc4 6.Bxc4 b5 7.Bd3 a6 8.e4 c5 9.dxc5 Bxc5
10.O-O b4 11.Na4 Be7 12.b3 Bb7 13.Qe2 Nbd7 14.Bb2 Nc5 15.Nxc5 Bxc5 16.Rac1 Bb6
17.Rfd1 O-O 18.Rc4 a5 19.e5 Nd5 20.Rh4 g6 21.Qd2 Ne3 22.Rh3 Bxf3 23.gxf3 Nxd1
24.Qh6 Re8 25.Bxg6 Qg5+ 26.Qxg5 fxg6 27.Kg2 Rac8 28.Qh4 Rc7 29.Bd4 Bxd4 30.Qxd4 Nc3
31.Rh4 Nd5 32.Qd3 g5 33.Qb5 Rf8 34.Rc4 Nf4+ 35.Kg3 Rcf7 36.Qa6 Ng6 37.Qxe6 Kg7
38.Qd5 Rxf3+ 39.Qxf3 Rxf3+ 40.Kxf3 Nxe5+ 41.Ke4 Nxc4 42.bxc4 Kf6 43.Kd4 Ke6
44.Kc5  1-0

[Event "6th Gibtelecom Masters"]
[Site "Gibraltar ENG"]
[Date "2008.01.26"]
[Round "5"]
[White "Harika,D"]
[Black "Van den Bersselaar,J"]
[Result "1-0"]
[WhiteElo "2455"]
[BlackElo "2164"]

1.d4 d5 2.c4 e6 3.Nc3 c6 4.e3 Nf6 5.Nf3 Nbd7 6.Qc2 Bd6 7.g4 h6 8.Bd2 dxc4
9.Bxc4 b5 10.Be2 Bb7 11.e4 Be7 12.g5 hxg5 13.Nxg5 Rc8 14.Rg1 Nf8 15.e5 b4
16.Na4 N6d7 17.Ne4 c5 18.Nexc5 Bxc5 19.Nxc5 Nxc5 20.dxc5 Qd4 21.Be3 Qxe5
22.Bb5+ Ke7 23.O-O-O Bd5 24.Qe2 Ng6 25.Rg5 Qe4 26.f3  1-0

[Event "ch-Kyiv Men"]
[Site "Kyiv UKR"]
[Date "2008.01.26"]
[Round "6"]
[White "Vdovichenko,V"]
[Black "Sidorchuk,D"]
[Result "0-1"]
[WhiteElo "2208"]
[BlackElo "2234"]

1.d4 d5 2.c4 e6 3.Nc3 c6 4.e3 Nf6 5.Nf3 Nbd7 6.Bd3 dxc4 7.Bxc4 b5 8.Bd3 a6
9.e4 c5 10.e5 cxd4 11.Nxb5 Nxe5 12.Nxe5 axb5 13.Bxb5+ Bd7 14.Bxd7+ Nxd7 15.Nf3 Qa5+
16.Bd2 Qd5 17.O-O Bd6 18.Qb3 Qxb3 19.axb3 Rxa1 20.Rxa1 e5 21.Ra8+ Nb8 22.Bb4 Kd7
23.Ra7+ Kc6 24.Bxd6 Kxd6 25.Rxf7 Rc8 26.g3 Rc2 27.Rxg7 d3 28.Ng5 Kd5 29.Nf3 e4
30.Rg5+ Kd6 31.Nd4 d2 32.Nf5+ Ke6 33.Ne3 Rc1+ 34.Kg2 Re1 35.Rd5 Rxe3 36.Rxd2 Rxb3
37.Rc2 Nd7 38.Rc6+ Ke5 39.Rc2 Nf6 40.Rc5+ Nd5 41.Rc2 Rb7 42.Rd2 Rf7 43.h3 Nb4
44.b3 Nd3 45.Ra2 Rb7 46.Ra5+ Kd4 47.Ra4+ Kd5 48.Ra5+ Nc5 49.Ra8 Nxb3 50.Rd8+ Kc4
51.g4 Rf7 52.h4 Nc5 53.Rc8 Kd4 54.Rd8+ Ke5 55.g5 Nd3 56.Kg3 Nxf2 57.Re8+ Kd4
58.h5 Ke3 59.Ra8 Rf3+ 60.Kg2 Nd3  0-1

[Event "FINEC WGM"]
[Site "St Petersburg RUS"]
[Date "2008.01.26"]
[Round "3"]
[White "Lupik,M"]
[Black "Solovjova,V"]
[Result "1-0"]
[WhiteElo "2222"]
[BlackElo "2221"]

1.d4 d5 2.c4 c6 3.Nc3 e6 4.e3 Nf6 5.Nf3 Nbd7 6.Bd3 dxc4 7.Bxc4 Bd6 8.O-O O-O
9.e4 e5 10.Bg5 Qe7 11.d5 Rd8 12.Re1 Nf8 13.Bb3 h6 14.Bh4 Ng6 15.Bg3 Bg4 16.h3 Bh5
17.Qd3 Nh7 18.Nd2 Qg5 19.Nc4 Bc5 20.Ne3 Nf4 21.Qc4 Bd4 22.dxc6 bxc6 23.Nf5 Bb6
24.h4 Qf6 25.Qxc6 Nd3 26.Qxf6 Nxf6 27.Reb1 Nc5 28.Ne7+ Kf8 29.Ned5 Nxb3 30.Nxb6 axb6
31.axb3 Rxa1 32.Rxa1 Rd2 33.Bxe5 Ng4 34.Bg3 Rxb2 35.Rb1 Rd2 36.Nd5 Bg6 37.Rc1 f5
38.exf5 Bxf5 39.Nxb6 Rd3 40.b4 Kf7 41.f3 Nf6 42.Nc4 Kg8 43.b5 Rb3 44.b6 Nd5
45.Nd6 Rxb6 46.Nxf5 Kf7 47.Rd1 Nf6 48.Be5 Kg6 49.Bxf6 gxf6 50.Ne7+ Kf7 51.Nd5 Rb2
52.Kh2 f5 53.Kg3 Rb8 54.Kf4 Rg8 55.g3 Ke6 56.Nc7+ Ke7 57.Rd5 Rc8 58.Nb5 Ke6
59.Re5+  1-0

[Event "6th ch-PriFO Men"]
[Site "Kazan RUS"]
[Date "2008.01.27"]
[Round "5"]
[White "Vasilov,A"]
[Black "Geller,J"]
[Result "0-1"]
[WhiteElo "2194"]
[BlackElo "2511"]

1.d4 d5 2.c4 e6 3.Nf3 Nf6 4.Nc3 c6 5.e3 Nbd7 6.Qc2 Bd6 7.b3 O-O 8.Bb2 b6
9.Be2 Bb7 10.O-O Re8 11.Rfd1 Qe7 12.Rac1 Rad8 13.Qb1 h6 14.Qa1 Bb8 15.a4 a5
16.Ba3 c5 17.Qb1 e5 18.cxd5 exd4 19.Nxd4 Nxd5 20.Nxd5 Bxd5 21.Nf5 Qe6 22.Bc4 Bxc4
23.bxc4 Ne5 24.Bb2 Rxd1+ 25.Rxd1 g6 26.Bxe5 Bxe5 27.Ng3 Qxc4 28.Qxb6 Qxa4
29.Rc1 c4 30.f4 Bg7 31.f5 Qb3  0-1